01463nam a2200373Ia 4500001001200000003000800012006001900020007001500039008004100054010001700095015001900112020002600131020002300157020002500180020002200205040002100227035002100248050002400269082001400293100002800307245010800335260009000443300001800533490005300551504005100604533015200655650001000807650002700817655002900844710001700873830005400890856012600944999001901070ebr10197167CaPaEBRm u cr cn|||||||||061027s2006 nyu sb 001 0 eng d z 2006032713 aGBA6923132bnb z9780823226535 (cased) z0823226530 (cased) z9780823226542 (pbk.) z0823226549 (pbk.) aCaPaEBRcCaPaEBR a(OCoLC)21694737714aBD431b.L335 2006eb04a113.82221 aLawlor, Leonard,d1954-14aThe implications of immanenceh[electronic resource] :btoward a new concept of life /cLeonard Lawlor. aAshland, Ohio :bFordham University Press ;aLondon :bEurospan [distributor],c2006. axviii, 199 p.1 aPerspectives in continental philosophy ;vno. 56 aIncludes bibliographical references and index. aElectronic reproduction.bPalo Alto, Calif. :cebrary,d2009.nAvailable via World Wide Web.nAccess may be limited to ebrary affiliated libraries. 0aLife. 0aImmanence (Philosophy) 7aElectronic books.2local2 aebrary, Inc. 0aPerspectives in continental philosophy ;vno. 56.40uhttp://site.ebrary.com/lib/rucke/Doc?id=10197167zAn electronic book accessible through the World Wide Web; click to view c117051d117051